| 000 | 00729nam a2200205 i 4500 | ||
|---|---|---|---|
| 001 | 122285 | ||
| 003 | ES-MaACL | ||
| 005 | 20251122063122.0 | ||
| 007 | t| | ||
| 008 | 070521q19001910fr ||||1| fre d | ||
| 100 | 0 |
_aCaylus, Marthe-Marguerite Le Valois de Villette de Murçay, _cComtesse de _937210 |
|
| 245 | 1 | 0 |
_aSouvenirs / _cMme. de Caylus ; publiés avec une introduction par M. Le Comte D'Haussonville. |
| 260 |
_aParis : _bArthème Fayard, _c[19-?] |
||
| 300 |
_a173 p. : _bil. ; _c24 cm. |
||
| 490 | 1 | _aMémoires et souvenirs | |
| 700 | 1 |
_aHaussonville, Gabriel-Paul- Othenin d', _d1843-1924 _962127 |
|
| 830 | 0 | 0 |
_aMémoires et souvenirs _9183261 |
| 852 |
_aES-MaACL _jC-1107 |
||
| 999 |
_c122285 _d122285 |
||